[Event "LSV Turm Lippstadt 1 - SV Kamen 1"]
[Site "NRW-Klasse, Gruppe 1 2015/201"]
[Date "2016.02.14"]
[Round "6.2"]
[White "Wagner, Alexej"]
[Black "Huckebrink, Chris"]
[Result "1-0"]
[WhiteElo "2222"]
[BlackElo "2108"]
[PlyCount "31"]
[EventDate "2016.??.??"]
[WhiteTeam "LSV Turm Lippstadt 1"]
[BlackTeam "SV Kamen 1"]

1. d4 Nf6 2. c4 e6 3. Nc3 Bb4 4. Qc2 O-O 5. e3 c5 6. Nf3 d5 7. dxc5 Bxc5 8. a3
Nc6 9. b4 Be7 10. Bb2 dxc4 11. Bxc4 a6 12. O-O Qc7 13. Ne4 e5 14. Nxe5 Nxe4 15.
Qxe4 Bf6 16. Nxf7 1-0

[Event "LSV Turm Lippstadt 1 - SV Kamen 1"]
[Site "NRW-Klasse, Gruppe 1 2015/201"]
[Date "2016.02.14"]
[Round "6.3"]
[White "Luetke, Jens"]
[Black "Hecht, Carsten"]
[Result "1-0"]
[WhiteElo "2201"]
[BlackElo "2207"]
[PlyCount "85"]
[EventDate "2016.??.??"]
[WhiteTeam "SV Kamen 1"]
[BlackTeam "LSV Turm Lippstadt 1"]

1. Nf3 Nf6 2. c4 g6 3. Nc3 d5 4. cxd5 Nxd5 5. e4 Nxc3 6. dxc3 Qxd1+ 7. Kxd1 Nd7
8. Bf4 c6 9. Kc2 Bg7 10. a4 O-O 11. a5 Nc5 12. Nd2 f5 13. Bc4+ Be6 14. exf5
Bxc4 15. Nxc4 Rxf5 16. Be3 Ne4 17. Rhd1 Nf6 18. Ra3 Nd5 19. Rb3 Nxe3+ 20. fxe3
Rc5 21. Rb4 Rb8 22. Rd7 Kf8 23. a6 b5 24. Nd2 Ra8 25. Rf4+ Ke8 26. Rb7 Rd5 27.
Nf3 Rd7 28. Ng5 Rxb7 29. axb7 Rb8 30. Rf7 Bf6 31. Rxh7 Rxb7 32. Ne4 Be5 33. h4
Rd7 34. h5 gxh5 35. Rxh5 Rd5 36. Rh6 Kd7 37. b4 Bd6 38. g4 c5 39. Nxd6 exd6 40.
Rh5 Kc6 41. c4 Re5 42. Rxe5 dxe5 43. g5 1-0

[Event "LSV Turm Lippstadt 1 - SV Kamen 1"]
[Site "NRW-Klasse, Gruppe 1 2015/201"]
[Date "2016.02.14"]
[Round "6.4"]
[White "Meier, Jan"]
[Black "Himmel, Hansjoerg"]
[Result "1/2-1/2"]
[WhiteElo "2041"]
[BlackElo "2160"]
[Annotator "Hausrath,Daniel"]
[PlyCount "130"]
[EventDate "2016.??.??"]
[WhiteTeam "LSV Turm Lippstadt 1"]
[BlackTeam "SV Kamen 1"]

1. d4 e6 2. c4 b6 3. e4 Bb7 4. Nc3 Bb4 5. Qc2 Qh4 6. d5 Bxc3+ 7. bxc3 f5 8.
exf5 exd5 9. Qe2+ Ne7 10. cxd5 O-O 11. Nf3 Qf6 12. Bb2 Na6 13. c4 Qxf5 14.
O-O-O $11 Ng6 15. Qd2 Nc5 16. Bd3 Nxd3+ 17. Qxd3 Qxd3 18. Rxd3 Rae8 19. Re3
Rxe3 20. fxe3 Ba6 21. Nd2 Nh4 22. g3 Nf3 23. Rf1 Nxh2 24. Rxf8+ Kxf8 25. e4 Ng4
26. Kc2 d6 27. Bd4 Kf7 28. Kc3 Ne5 29. a4 Bc8 30. a5 h6 31. Kb4 c5+ 32. dxc6
Nxc6+ 33. Kc3 Nxa5 34. e5 Nc6 35. exd6 Nxd4 36. Kxd4 Ke6 37. c5 Bb7 38. Nc4 Bc6
39. cxb6 axb6 40. Nxb6 Kxd6 41. Nc4+ Ke6 42. Ke3 Kf5 43. Kf2 Bd7 44. Ne3+ Ke4
45. Nf1 Bc6 46. Ne3 h5 47. Ng2 g5 48. Ne3 Ke5 49. Nc4+ Kd4 50. Ne3 Be4 51. Ke2
Bd3+ 52. Kf2 Ke5 53. Kf3 Bb5 54. Kf2 Bd7 55. Nc4+ Kd4 56. Ne3 Ke4 57. Ke2 h4
58. gxh4 gxh4 59. Kf2 h3 60. Nf1 Kf4 61. Nh2 Bb5 62. Nf1 Bxf1 63. Kxf1 Kg3 64.
Kg1 h2+ 65. Kh1 Kh3 1/2-1/2

[Event "LSV Turm Lippstadt 1 - SV Kamen 1"]
[Site "NRW-Klasse, Gruppe 1 2015/201"]
[Date "2016.02.14"]
[Round "6.5"]
[White "Kleinegger, Frank"]
[Black "Grobbel, Rainer"]
[Result "1/2-1/2"]
[WhiteElo "2131"]
[BlackElo "2110"]
[PlyCount "37"]
[EventDate "2016.??.??"]
[WhiteTeam "SV Kamen 1"]
[BlackTeam "LSV Turm Lippstadt 1"]

1. e4 c5 2. Nf3 d6 3. d4 cxd4 4. Qxd4 Nc6 5. Bb5 Bd7 6. Bxc6 Bxc6 7. Nc3 e6 8.
Bg5 Nf6 9. O-O-O Be7 10. Rhe1 O-O 11. Kb1 Qa5 12. Qd2 Qb6 13. Nd4 Rfd8 14. f4
h6 15. h4 hxg5 16. hxg5 Nxe4 17. Nxe4 Bxe4 18. Rxe4 d5 19. Re3 1/2-1/2

[Event "LSV Turm Lippstadt 1 - SV Kamen 1"]
[Site "NRW-Klasse, Gruppe 1 2015/201"]
[Date "2016.02.14"]
[Round "6.6"]
[White "Chapman, Alan John"]
[Black "Georg, Heinz"]
[Result "0-1"]
[WhiteElo "2015"]
[BlackElo "2155"]
[PlyCount "48"]
[EventDate "2016.??.??"]
[WhiteTeam "LSV Turm Lippstadt 1"]
[BlackTeam "SV Kamen 1"]

1. e4 e5 2. Nf3 Nc6 3. c3 d5 4. Bb5 f6 5. Qa4 Nge7 6. d3 Be6 7. Nbd2 a6 8.
Bxc6+ Nxc6 9. O-O Be7 10. d4 b5 11. Qc2 O-O 12. Re1 dxe4 13. Nxe4 Bg4 14. Be3
Bxf3 15. gxf3 f5 16. Nc5 Bxc5 17. dxc5 f4 18. Bd2 Rf6 19. Kh1 Kh8 20. a4 Rb8
21. axb5 axb5 22. b4 Rh6 23. Rg1 Qd5 24. Qd1 Rd8 0-1

[Event "LSV Turm Lippstadt 1 - SV Kamen 1"]
[Site "NRW-Klasse, Gruppe 1 2015/201"]
[Date "2016.02.14"]
[Round "6.7"]
[White "Seepe, Udo"]
[Black "Roemhild, Marcus"]
[Result "1/2-1/2"]
[WhiteElo "2042"]
[BlackElo "2026"]
[PlyCount "33"]
[EventDate "2016.??.??"]
[WhiteTeam "SV Kamen 1"]
[BlackTeam "LSV Turm Lippstadt 1"]

1. d4 Nf6 2. c4 c5 3. d5 b5 4. cxb5 a6 5. f3 Qa5+ 6. Bd2 Qxb5 7. Na3 Qb7 8. e4
e6 9. Nc4 Be7 10. d6 Bd8 11. Bd3 Nc6 12. Rc1 Qa7 13. Ne2 Rb8 14. O-O O-O 15. f4
e5 16. f5 Bb7 17. Ng3 1/2-1/2

[Event "LSV Turm Lippstadt 1 - SV Kamen 1"]
[Site "NRW-Klasse, Gruppe 1 2015/201"]
[Date "2016.02.14"]
[Round "6.8"]
[White "Laurenz, Waldemar"]
[Black "Krabbe, Christian"]
[Result "1-0"]
[WhiteElo "1938"]
[BlackElo "1965"]
[Annotator "Hausrath,Daniel"]
[PlyCount "163"]
[EventDate "2016.??.??"]
[WhiteTeam "LSV Turm Lippstadt 1"]
[BlackTeam "SV Kamen 1"]

1. Nf3 g6 2. c4 d6 3. g3 Bg7 4. d4 Nf6 5. Bg2 O-O 6. O-O c6 7. Nc3 Nbd7 8. d5
c5 9. e4 a6 10. Re1 Nb6 11. Qb3 e5 12. h3 Nbd7 13. a4 b6 14. Qc2 h6 15. Bd2 Ne8
16. Ra3 Kh7 17. Rb3 a5 18. Nb5 Ndf6 19. Nh4 Nc7 $11 20. Nxc7 Qxc7 21. f4 Nd7
22. f5 Bf6 23. Nf3 Ba6 24. Nh2 Rg8 25. Ng4 g5 26. Rf1 Qd8 27. Be1 Qe7 28. Qe2
Rg7 29. Ne3 Rh8 30. Qh5 Kg8 31. Qe2 Qd8 $11 32. Bf3 Kf8 33. Nc2 Ke7 34. Na3 Nb8
35. Bd2 Nd7 36. Bh5 Nb8 37. Kg2 Nd7 38. Nc2 Qc7 39. Ne3 Qd8 40. Rh1 Qe8 41. Nf1
Qd8 42. Bf3 Rgh7 43. g4 Bg7 44. f6+ Nxf6 45. Ng3 Bc8 46. Rf1 Bd7 47. Ra3 Qe8
$11 48. Qd1 Kd8 49. Qc2 Kc7 50. Bd1 Rf8 51. Raf3 Ng8 52. Bxa5 bxa5 53. Qd2 Kd8
54. Qxa5+ Ke7 55. Qa7 f5 56. Nxf5+ Rxf5 57. Rxf5 Nf6 58. a5 Rh8 59. Ba4 Qb8 60.
Qxb8 Rxb8 61. Bxd7 Rxb2+ 62. Kg1 Kxd7 63. Rxf6 Bxf6 64. Rxf6 Ra2 65. Rf7+ Kc8
66. Ra7 Kb8 67. Ra6 Kc7 68. Rc6+ Kd7 69. a6 Ra4 70. Rb6 Kc7 71. Rc6+ Kd7 72.
Rb6 Kc7 73. Rb7+ Kd8 74. Rh7 Rxa6 75. Rxh6 Kc7 76. Rh7+ Kd8 77. Rg7 Ra4 78.
Rxg5 Rxc4 79. h4 Rxe4 80. h5 Ke7 81. h6 Kf6 82. Rg8 1-0

[Event "SK Werther 1 - SF Katernberg 2"]
[Site "NRW-Klasse, Gruppe 1 2015/201"]
[Date "2016.02.14"]
[Round "6.1"]
[White "Rosen, Bernd"]
[Black "Suchland, Marko"]
[Result "1-0"]
[WhiteElo "2233"]
[BlackElo "2134"]
[PlyCount "69"]
[EventDate "2016.??.??"]
[WhiteTeam "SF Katernberg 2"]
[BlackTeam "SK Werther 1"]

1. c4 g6 2. g3 Bg7 3. Bg2 c5 4. Nc3 Nc6 5. a3 d6 6. Nf3 e5 7. O-O Nge7 8. b4
O-O 9. Rb1 Rb8 10. d3 b6 11. Ne1 Be6 12. Bg5 f6 13. Bd2 Qd7 14. Nd5 Nd8 15.
Nxe7+ Qxe7 16. bxc5 dxc5 17. Nc2 Qd7 18. Ne3 Nc6 19. Nd5 Ne7 20. Nxe7+ Qxe7 21.
Qa4 Rfd8 22. Qb5 Bg4 23. Rfe1 Bd7 24. Bd5+ Kh8 25. Qb3 Qe8 26. Bc3 Ba4 27. Qb2
Qe7 28. e4 Qd6 29. Rf1 Rf8 30. f4 Rbe8 31. Rf2 Bd7 32. Rbf1 Bh3 33. fxe5 fxe5
34. Bxe5 Qc7 35. Bxg7+ 1-0

[Event "SK Werther 1 - SF Katernberg 2"]
[Site "NRW-Klasse, Gruppe 1 2015/201"]
[Date "2016.02.14"]
[Round "6.2"]
[White "Freiberger, Jonas"]
[Black "Wessendorf, Thomas"]
[Result "1-0"]
[WhiteElo "2135"]
[BlackElo "2225"]
[PlyCount "53"]
[EventDate "2016.??.??"]
[WhiteTeam "SK Werther 1"]
[BlackTeam "SF Katernberg 2"]

1. e4 c5 2. d4 cxd4 3. c3 dxc3 4. Nxc3 Nc6 5. Nf3 e6 6. Bc4 a6 7. O-O Nge7 8.
Bg5 f6 9. Be3 Ng6 10. Bb3 Na5 11. Na4 Nxb3 12. Qxb3 b5 13. Nc5 Bxc5 14. Bxc5
Bb7 15. Nd4 Kf7 16. f4 Qc7 17. Rac1 Nxf4 18. Qe3 g5 19. g3 Rhg8 20. Ne2 Nxe2+
21. Qxe2 Qe5 22. Qd3 Qxe4 23. Qxd7+ Kg6 24. Rxf6+ Kh5 25. Qf7+ Kg4 26. h3+ Kxg3
27. Rc3+ 1-0

[Event "SK Werther 1 - SF Katernberg 2"]
[Site "NRW-Klasse, Gruppe 1 2015/201"]
[Date "2016.02.14"]
[Round "6.3"]
[White "Bee, Marcus"]
[Black "Haskenhoff, Jan"]
[Result "1/2-1/2"]
[WhiteElo "2162"]
[BlackElo "2084"]
[Annotator "Hausrath,Daniel"]
[PlyCount "60"]
[EventDate "2016.??.??"]
[WhiteTeam "SF Katernberg 2"]
[BlackTeam "SK Werther 1"]

1. g3 Nf6 2. Bg2 g6 3. c4 e5 4. Nc3 Bg7 5. Nf3 Nc6 6. O-O O-O 7. d3 d6 8. Rb1
a5 9. a3 h6 10. b4 axb4 11. axb4 Ne7 12. b5 Be6 13. Qc2 c6 14. bxc6 bxc6 15. c5
dxc5 16. Na4 e4 17. dxe4 Nxe4 18. Nxc5 Nxc5 19. Qxc5 Ra5 20. Qb6 Qxb6 21. Rxb6
Bc4 22. Bd2 $11 Ra2 23. Rc1 Bxe2 24. Bb4 Re8 25. Bxe7 Rxe7 26. Rbxc6 Bxf3 27.
Bxf3 Bd4 28. R6c2 Re1+ 29. Rxe1 Rxc2 30. Re2 Rxe2 1/2-1/2

[Event "SK Werther 1 - SF Katernberg 2"]
[Site "NRW-Klasse, Gruppe 1 2015/201"]
[Date "2016.02.14"]
[Round "6.4"]
[White "Henkemeier, Markus"]
[Black "Gassmann, Volker"]
[Result "1-0"]
[WhiteElo "2035"]
[BlackElo "2108"]
[PlyCount "99"]
[EventDate "2016.??.??"]
[WhiteTeam "SK Werther 1"]
[BlackTeam "SF Katernberg 2"]

1. d4 Nf6 2. Nf3 c5 3. c3 b6 4. Bf4 g6 5. e3 Bg7 6. Bd3 Bb7 7. Nbd2 O-O 8. h3
d6 9. Qc2 Nc6 10. O-O Rc8 11. a3 Rc7 12. Rad1 Qa8 13. Rfe1 cxd4 14. exd4 Nd5
15. Be3 Nxe3 16. fxe3 d5 17. Qb1 e5 18. dxe5 Nxe5 19. Nxe5 Bxe5 20. Nf3 Bg3 21.
Re2 Re7 22. Nd4 Rfe8 23. Qc1 Qb8 24. Bb5 Rc8 25. Rf1 Qe5 26. Qd2 Qh5 27. Qd3
Ba8 28. Ba6 Rd8 29. Bb5 Rc7 30. Ba4 Rc5 31. Nb3 Rcc8 32. Nd4 Bb8 33. Ref2 Qe5
34. Rf4 Rc7 35. Nf3 Qd6 36. Ng5 Re7 37. R1f3 Rf8 38. Rh4 Qh2+ 39. Kf2 d4 40. e4
dxc3 41. Nxh7 f5 42. Nxf8 Bd6 43. Qc4+ Rf7 44. Ne6 Bg3+ 45. Rxg3 fxe4+ 46. Rf4
e3+ 47. Kf1 Bxg2+ 48. Rxg2 Qh1+ 49. Rg1 Qxh3+ 50. Ke1 1-0

[Event "SK Werther 1 - SF Katernberg 2"]
[Site "NRW-Klasse, Gruppe 1 2015/201"]
[Date "2016.02.14"]
[Round "6.5"]
[White "Kaeding, Rainer"]
[Black "Goecke, Karl Ulrich"]
[Result "1-0"]
[WhiteElo "2123"]
[BlackElo "2079"]
[PlyCount "43"]
[EventDate "2016.??.??"]
[WhiteTeam "SF Katernberg 2"]
[BlackTeam "SK Werther 1"]

1. e4 e6 2. d4 d5 3. Nc3 Bb4 4. exd5 exd5 5. Bd3 Nf6 6. Nge2 c6 7. O-O O-O 8.
Bg5 Bg4 9. f3 Bh5 10. Nf4 Bg6 11. Nxg6 hxg6 12. f4 Qb6 13. Bxf6 gxf6 14. Ne2
Kg7 15. f5 Bd6 16. fxg6 fxg6 17. Bxg6 Qc7 18. g3 Kxg6 19. Nf4+ Bxf4 20. Rxf4
Rh8 21. Qg4+ Kf7 22. Rxf6+ 1-0

[Event "SK Werther 1 - SF Katernberg 2"]
[Site "NRW-Klasse, Gruppe 1 2015/201"]
[Date "2016.02.14"]
[Round "6.6"]
[White "Ortpaul, Mario"]
[Black "Villwock, Martin"]
[Result "0-1"]
[WhiteElo "1964"]
[BlackElo "2052"]
[PlyCount "96"]
[EventDate "2016.??.??"]
[WhiteTeam "SK Werther 1"]
[BlackTeam "SF Katernberg 2"]

1. c4 e5 2. g3 Nf6 3. Bg2 h6 4. Nc3 Bb4 5. e3 Bxc3 6. bxc3 d6 7. Ne2 O-O 8. d4
Qe7 9. O-O Nc6 10. Rb1 Na5 11. Qa4 b6 12. Bxa8 Bd7 13. Qa3 Rxa8 14. c5 dxc5 15.
dxc5 Bf5 16. Rb4 Bd3 17. cxb6 cxb6 18. Re1 Qe6 19. Kg2 Rd8 20. Ng1 e4 21. Rd4
Nd5 22. Qa4 Rc8 23. Ne2 Bxe2 24. Rxe4 Nxc3 25. Rxe6 Nxa4 26. Re7 Bb5 27. Rxa7
Nc6 28. Rb7 Ne5 29. Ra7 Nd3 30. Rd1 Nxc1 31. Rd2 Nd3 32. f3 Rc2 33. Rxc2 Ne1+
34. Kf2 Nxc2 35. Ra8+ Kh7 36. e4 Nb4 37. f4 Nxa2 38. f5 N2c3 39. e5 Bc4 40. Ke3
b5 41. Kd4 Ne2+ 42. Ke3 Nac3 43. Ra7 b4 44. Rb7 b3 45. Kd2 Na4 46. Rb4 b2 47.
e6 fxe6 48. fxe6 Bxe6 0-1

[Event "SK Werther 1 - SF Katernberg 2"]
[Site "NRW-Klasse, Gruppe 1 2015/201"]
[Date "2016.02.14"]
[Round "6.7"]
[White "Rosen, Willy"]
[Black "Jakovljevic, Goran"]
[Result "1/2-1/2"]
[WhiteElo "2175"]
[BlackElo "1904"]
[PlyCount "87"]
[EventDate "2016.??.??"]
[WhiteTeam "SF Katernberg 2"]
[BlackTeam "SK Werther 1"]

1. e4 c6 2. d4 d5 3. exd5 cxd5 4. Bd3 Nf6 5. c3 g6 6. Bf4 Nc6 7. h3 Bg7 8. Nd2
Bd7 9. Ngf3 Qc8 10. Qc2 Bf5 11. g4 Bxd3 12. Qxd3 h5 13. g5 Nd7 14. O-O O-O 15.
Rfe1 Re8 16. Re2 Nf8 17. h4 Qg4+ 18. Bg3 e5 19. dxe5 Nxe5 20. Nxe5 Rxe5 21.
Rxe5 Bxe5 22. Qf3 Bxg3 23. Qxg4 Bxf2+ 24. Kxf2 hxg4 25. Rg1 Ne6 26. Rxg4 Kg7
27. Rb4 b6 28. a4 f6 29. Nf3 fxg5 30. hxg5 Rc8 31. a5 bxa5 32. Rb7+ Rc7 33. Rb5
Rc5 34. Rb7+ Rc7 35. Rxc7+ Nxc7 36. Ke3 Ne6 37. Kd3 Kf8 38. c4 dxc4+ 39. Kxc4
a6 40. Kd5 Ke7 41. b3 Nf4+ 42. Kc6 Nd3 43. Kb6 Nc1 44. Kxa5 1/2-1/2

[Event "SK Werther 1 - SF Katernberg 2"]
[Site "NRW-Klasse, Gruppe 1 2015/201"]
[Date "2016.02.14"]
[Round "6.8"]
[White "Hufendiek, Ekkehard"]
[Black "Mueller-Clostermann, Bruno"]
[Result "0-1"]
[WhiteElo "1852"]
[BlackElo "1994"]
[PlyCount "100"]
[EventDate "2016.??.??"]
[WhiteTeam "SK Werther 1"]
[BlackTeam "SF Katernberg 2"]

1. e4 c5 2. d4 cxd4 3. c3 Nf6 4. e5 Nd5 5. Nf3 Nc6 6. Bc4 Nb6 7. Bb3 d5 8. h3
Bf5 9. Bf4 e6 10. O-O dxc3 11. Nxc3 Be7 12. Nb5 O-O 13. Rc1 a6 14. Nd6 Bxd6 15.
exd6 Rc8 16. Qd2 Nd7 17. Rc3 Nf6 18. Bc2 Bxc2 19. Rxc2 Ne4 20. Qe3 Nxd6 21.
Rfc1 Nf5 22. Qa3 Qe7 23. Qa4 f6 24. g4 Nd6 25. Be3 Rfd8 26. Bb6 Re8 27. Bc5
Rcd8 28. Ba3 Qd7 29. Qb3 Ne4 30. Qe3 Rc8 31. Ne1 Ne5 32. f3 Rxc2 33. Rxc2 Nd6
34. b3 Nb5 35. Bb2 d4 36. Qf4 Nc6 37. Nd3 e5 38. Qe4 Qf7 39. Nc5 Nd6 40. Qe1
Qd5 41. Ne4 Nxe4 42. fxe4 Qb5 43. Rc4 Rd8 44. Ba3 d3 45. Rc5 d2 46. Qd1 Qd3 47.
Rd5 Rxd5 48. exd5 Qxd5 49. Bb2 Qd3 50. Kf2 e4 0-1

[Event "SG Bochum 2 - SG Niederkassel 1"]
[Site "NRW-Klasse, Gruppe 2 2015/201"]
[Date "2016.02.14"]
[Round "6.1"]
[White "Wigger, Jochen"]
[Black "Kotainy, Jens"]
[Result "1/2-1/2"]
[WhiteElo "2256"]
[BlackElo "2326"]
[PlyCount "41"]
[EventDate "2016.??.??"]
[WhiteTeam "SG Niederkassel 1"]
[BlackTeam "SG Bochum 2"]

1. d4 c6 2. c4 d6 3. Nc3 Qc7 4. e4 e5 5. Be3 Nf6 6. f3 Be7 7. d5 Nbd7 8. Bd3
O-O 9. Nge2 Nc5 10. O-O cxd5 11. cxd5 Nxd3 12. Qxd3 Bd7 13. Rfc1 Qa5 14. Rc2
Rfc8 15. Rac1 Bd8 16. Kf2 h6 17. a3 Ne8 18. Nb1 Rxc2 19. Rxc2 Bb5 20. Qd2 Qa6
21. Ng3 1/2-1/2

[Event "SG Bochum 2 - SG Niederkassel 1"]
[Site "NRW-Klasse, Gruppe 2 2015/201"]
[Date "2016.02.14"]
[Round "6.2"]
[White "Schlawin, Marlon"]
[Black "Bussard, Christian"]
[Result "1/2-1/2"]
[WhiteElo "2252"]
[BlackElo "2156"]
[PlyCount "44"]
[EventDate "2016.??.??"]
[WhiteTeam "SG Bochum 2"]
[BlackTeam "SG Niederkassel 1"]

1. c4 Nf6 2. g3 e5 3. Bg2 Bc5 4. Nc3 O-O 5. e3 Re8 6. Nge2 Nc6 7. d3 d6 8. a3
a6 9. h3 Ba7 10. g4 Nd7 11. Ng3 Nf8 12. h4 Ne7 13. Qf3 c6 14. Nf5 Neg6 15. g5
e4 16. dxe4 Ne5 17. Qe2 Be6 18. b3 Qd7 19. Nd4 Bg4 20. f3 Bh5 21. O-O Neg6 22.
Nf5 Nf4 1/2-1/2

[Event "SG Bochum 2 - SG Niederkassel 1"]
[Site "NRW-Klasse, Gruppe 2 2015/201"]
[Date "2016.02.14"]
[Round "6.3"]
[White "Schienmann, Bruno"]
[Black "Tkachuk, Konstantyn"]
[Result "1-0"]
[WhiteElo "2233"]
[BlackElo "2248"]
[PlyCount "47"]
[EventDate "2016.??.??"]
[WhiteTeam "SG Niederkassel 1"]
[BlackTeam "SG Bochum 2"]

1. d4 c5 2. d5 e5 3. e4 d6 4. Nc3 g6 5. h4 Bg7 6. h5 Ne7 7. Be2 a6 8. a4 Nd7 9.
Ra3 b6 10. Qd3 Qc7 11. Nf3 Bb7 12. hxg6 hxg6 13. Rxh8+ Bxh8 14. Ng5 Nf8 15. Qf3
f6 16. Ne6 Nxe6 17. dxe6 c4 18. Qh3 O-O-O 19. Nd5 Bxd5 20. exd5 Kb7 21. b3 c3
22. Bc4 Ka7 23. Be3 f5 24. a5 1-0

[Event "SG Bochum 2 - SG Niederkassel 1"]
[Site "NRW-Klasse, Gruppe 2 2015/201"]
[Date "2016.02.14"]
[Round "6.4"]
[White "Dahm, Jochen"]
[Black "Rybarczyk, Klaus"]
[Result "1-0"]
[WhiteElo "2199"]
[BlackElo "2165"]
[PlyCount "67"]
[EventDate "2016.??.??"]
[WhiteTeam "SG Bochum 2"]
[BlackTeam "SG Niederkassel 1"]

1. e4 c5 2. Nf3 d6 3. d4 cxd4 4. Nxd4 Nf6 5. Nc3 a6 6. h3 e5 7. Nde2 Be6 8. g4
b5 9. Bg2 Nbd7 10. Ng3 Nb6 11. O-O Rc8 12. Nd5 Bxd5 13. exd5 Qc7 14. g5 Nfd7
15. c3 g6 16. Ne4 Bg7 17. f4 exf4 18. Bxf4 Nc4 19. b3 Nce5 20. Be3 Nc5 21. Bxc5
dxc5 22. d6 Qd7 23. Qd5 O-O 24. Nf6+ Bxf6 25. gxf6 Nc6 26. Qg5 Nd8 27. Rae1 Kh8
28. Qh6 Rg8 29. Re4 g5 30. Rg4 Ne6 31. Be4 Rg6 32. Bxg6 fxg6 33. Re4 Nf4 34.
Rfxf4 1-0

[Event "SG Bochum 2 - SG Niederkassel 1"]
[Site "NRW-Klasse, Gruppe 2 2015/201"]
[Date "2016.02.14"]
[Round "6.5"]
[White "Stanetzek, Carsten"]
[Black "Kitte, Sebastian"]
[Result "1/2-1/2"]
[WhiteElo "2164"]
[BlackElo "2190"]
[PlyCount "46"]
[EventDate "2016.??.??"]
[WhiteTeam "SG Niederkassel 1"]
[BlackTeam "SG Bochum 2"]

1. e4 c5 2. Nf3 e6 3. Nc3 a6 4. g3 b5 5. Bg2 Bb7 6. d3 Nf6 7. O-O Be7 8. Ng5 h6
9. Nh3 d5 10. exd5 Nxd5 11. Nxd5 Bxd5 12. Nf4 Bxg2 13. Nxg2 Nc6 14. a4 O-O 15.
Be3 Qd6 16. Qh5 Nd4 17. Bxd4 Qxd4 18. Qe2 Qxb2 19. Rab1 Qc3 20. axb5 axb5 21.
Rxb5 Ra2 22. Ne3 Bg5 23. Rc1 Bxe3 1/2-1/2

[Event "SG Bochum 2 - SG Niederkassel 1"]
[Site "NRW-Klasse, Gruppe 2 2015/201"]
[Date "2016.02.14"]
[Round "6.6"]
[White "Werthebach, Felix"]
[Black "Broehl, Stephan"]
[Result "1/2-1/2"]
[WhiteElo "2140"]
[BlackElo "2084"]
[Annotator "Hausrath,Daniel"]
[PlyCount "104"]
[EventDate "2016.??.??"]
[WhiteTeam "SG Bochum 2"]
[BlackTeam "SG Niederkassel 1"]

1. c4 c6 2. g3 d5 3. Bg2 Nf6 4. Nf3 Bg4 5. O-O e6 6. d3 Nbd7 7. a3 Bxf3 8. Bxf3
dxc4 9. dxc4 Ne5 10. Qb3 Qb6 11. Qxb6 Nxf3+ 12. exf3 axb6 13. Be3 Nd7 14. f4
Bc5 15. Rd1 Ke7 16. Nc3 Rhd8 17. Ne4 Bxe3 18. fxe3 Nf6 $11 19. Nxf6 Kxf6 20.
Kf2 e5 21. e4 Ke6 22. Ke3 f6 23. f5+ Ke7 24. g4 g6 25. h4 gxf5 26. gxf5 Rxd1
27. Rxd1 Rg8 28. Kf3 h5 29. Rd3 Rg4 30. Rb3 Kd6 31. Rxb6 Kc7 32. Rb3 Rxh4 33.
Rd3 Rh3+ 34. Ke2 Rh2+ 35. Kf3 Rxb2 36. c5 b6 37. Rd6 bxc5 38. Rxf6 Rb3+ 39. Ke2
h4 40. Rf7+ Kd8 41. Rf6 h3 42. Kf2 c4 43. Rxc6 Rb2+ 44. Kg1 Rc2 45. Kh1 c3 46.
a4 Re2 47. Rxc3 Rxe4 48. a5 Ra4 49. Rc5 e4 50. Re5 e3 51. Kh2 e2 52. Kxh3 Rxa5
1/2-1/2

[Event "SG Bochum 2 - SG Niederkassel 1"]
[Site "NRW-Klasse, Gruppe 2 2015/201"]
[Date "2016.02.14"]
[Round "6.7"]
[White "Riedel, Holger"]
[Black "Tkachuk, Sergij"]
[Result "0-1"]
[WhiteElo "2145"]
[BlackElo "2107"]
[PlyCount "66"]
[EventDate "2016.??.??"]
[WhiteTeam "SG Niederkassel 1"]
[BlackTeam "SG Bochum 2"]

1. Nf3 Nf6 2. b3 g6 3. Bb2 Bg7 4. c4 d6 5. g3 O-O 6. Bg2 c6 7. O-O a5 8. Nc3
Na6 9. d4 Bf5 10. Nh4 Bd7 11. Qd2 Re8 12. Rad1 Rb8 13. f4 b5 14. cxb5 cxb5 15.
f5 b4 16. Ne4 Nc7 17. Nxf6+ exf6 18. fxg6 hxg6 19. e4 d5 20. e5 Be6 21. Rc1 Nb5
22. Rc5 fxe5 23. dxe5 Qb6 24. Qf2 Rbc8 25. Rxd5 Qxf2+ 26. Rxf2 Bxd5 27. Bxd5
Rc7 28. Nxg6 Nc3 29. Bxc3 bxc3 30. Rc2 Rd8 31. Nf4 Bxe5 32. Be4 Rd4 33. Nd5 Rc5
0-1

[Event "SG Bochum 2 - SG Niederkassel 1"]
[Site "NRW-Klasse, Gruppe 2 2015/201"]
[Date "2016.02.14"]
[Round "6.8"]
[White "Giraud, Valerian"]
[Black "Freundlieb, Thomas"]
[Result "0-1"]
[WhiteElo "2031"]
[BlackElo "1957"]
[Annotator "Hausrath,Daniel"]
[PlyCount "86"]
[EventDate "2016.??.??"]
[WhiteTeam "SG Bochum 2"]
[BlackTeam "SG Niederkassel 1"]

1. d4 d6 2. Nf3 Bg4 3. c4 g6 4. Qb3 Qc8 5. h3 Bxf3 6. Qxf3 Bg7 7. Qd3 Nc6 8. d5
Ne5 9. Qc2 c6 10. f4 Nd7 11. Nc3 cxd5 12. cxd5 Ngf6 13. Qd1 Nh5 14. Qd3 Nc5 15.
Qf3 f5 16. Bd2 O-O 17. e3 Nf6 18. Rc1 Qd8 19. b4 Nce4 20. Nxe4 Nxe4 21. Bd3 $11
Nxd2 22. Kxd2 Qb6 23. Rc4 a5 24. a3 axb4 25. Rxb4 Qa5 26. Rhb1 Rfc8 27. R1b3
Rc7 28. Ke2 Rac8 29. g4 fxg4 30. hxg4 Rc1 31. Qe4 Kf8 32. Qe6 R8c3 33. Rxc3
Bxc3 34. Rxb7 Qd8 35. f5 g5 36. f6 Bxf6 37. Bxh7 Kg7 38. Qf5 Qe8 39. Rb8 Qxb8
40. Qg6+ Kh8 41. Qh5 Qb2+ 42. Bc2+ Kg7 43. Qg6+ Kf8 0-1

[Event "SK Sodingen / Castrop 1 - SG Ennepe-Ruh"]
[Site "NRW-Klasse, Gruppe 2 2015/201"]
[Date "2016.02.14"]
[Round "6.1"]
[White "Lupor, Stefan"]
[Black "Koscielski, Janusz"]
[Result "1-0"]
[WhiteElo "2234"]
[BlackElo "2280"]
[Annotator "Hausrath,Daniel"]
[PlyCount "123"]
[EventDate "2016.??.??"]
[WhiteTeam "SG Ennepe-Ruhr-Süd 1"]
[BlackTeam "SK Sodingen / Castrop 1"]

1. e4 c5 2. Nf3 d6 3. Bb5+ Nd7 4. d4 Ngf6 5. Nc3 cxd4 6. Qxd4 e5 7. Qd3 h6 8.
Be3 Be7 9. h3 Qa5 10. O-O a6 11. Bc4 Nc5 12. Bxc5 Qxc5 13. Rfd1 Be6 14. Bb3 O-O
15. Nh4 Kh7 16. Nf5 Bxf5 17. exf5 Kg8 18. Ne4 Nxe4 $11 19. Qxe4 Rab8 20. Rd5
Qb6 21. Rad1 Rfd8 22. g3 Rbc8 23. R1d3 Rc7 24. a4 Rc6 25. a5 Qc7 26. h4 Rd7 27.
Kg2 Rd8 28. Kg1 Rd7 29. Kg2 Rd8 30. Rd1 Rd7 31. Ra1 Rc5 32. Ra4 Bd8 33. Rxc5
Qxc5 34. Bd5 Rc7 35. c4 b5 36. axb6 Qxb6 37. b4 Ra7 38. Qe3 Qxe3 39. fxe3 Bb6
40. Kf3 Kf8 41. Ke4 a5 42. g4 Ke7 43. g5 hxg5 44. hxg5 axb4 45. Rxb4 Bd8 46.
Kf3 Bc7 47. Rb1 Bd8 48. Kg4 Bc7 49. Rh1 Bb6 50. Rh7 Kf8 51. Rh8+ Ke7 52. Rg8
Bxe3 53. Rxg7 Kf8 54. Rh7 Ke8 55. Rh8+ Ke7 56. f6+ Kd7 57. Rf8 Ra1 58. Rxf7+
Ke8 59. Re7+ Kf8 60. Rg7 Rg1+ 61. Kf5 Rf1+ 62. Kg6 1-0

[Event "SK Sodingen / Castrop 1 - SG Ennepe-Ruh"]
[Site "NRW-Klasse, Gruppe 2 2015/201"]
[Date "2016.02.14"]
[Round "6.2"]
[White "Kartsev, Soel"]
[Black "Lupor, André"]
[Result "0-1"]
[WhiteElo "2224"]
[BlackElo "2160"]
[PlyCount "90"]
[EventDate "2016.??.??"]
[WhiteTeam "SK Sodingen / Castrop 1"]
[BlackTeam "SG Ennepe-Ruhr-Süd 1"]

1. d4 Nf6 2. c4 g6 3. Nc3 d5 4. cxd5 Nxd5 5. e4 Nxc3 6. bxc3 Bg7 7. Be3 c5 8.
Qd2 Qa5 9. Nf3 O-O 10. Rc1 Rd8 11. d5 e6 12. c4 Qxd2+ 13. Nxd2 Na6 14. Be2 b6
15. O-O Nb4 16. a3 Na2 17. Rc2 Nc3 18. Bf3 exd5 19. cxd5 Ba6 20. Rfc1 Ne2+ 21.
Bxe2 Bxe2 22. f3 Bd3 23. Ra2 Rac8 24. Nf1 f5 25. Rd2 fxe4 26. fxe4 Bxe4 27. Ng3
Bxd5 28. Rcd1 Re8 29. Bxc5 Bb3 30. Rb1 bxc5 31. Rxb3 c4 32. Rb7 c3 33. Rc2 Rcd8
34. Kf2 Rd5 35. a4 h5 36. Rb4 Red8 37. Re4 Rd2+ 38. Re2 Rxc2 39. Rxc2 Rd4 40.
Ke3 Rxa4 41. Kd3 Rb4 42. Ra2 Rb2 43. Rxa7 Rd2+ 44. Ke4 c2 45. Rc7 Bb2 0-1